| 000 | 00623nam a2200193Ia 4500 | ||
|---|---|---|---|
| 008 | 151121s9999||||xx |||||||||||||| ||und|| | ||
| 082 | _a153।6/कवी | ||
| 082 | _bHNW-114522 | ||
| 100 | _aकवी माधवी | ||
| 245 | _aप्रार्थनाविचार | ||
| 260 | _b"ग्रंथाली प्रकाशन, मुंबई।" | ||
| 260 | _c2007 | ||
| 300 | _a75 | ||
| 600 | _aकवी माधवी | ||
| 630 | _aप्रार्थनाविचार | ||
| 700 | _aकवी माधवी | ||
| 730 | _aप्रार्थनाविचार | ||
| 942 | _cBOOK | ||
| 999 |
_c1263488 _d1263485 |
||